[Event "Moquegua Ilo GP"]
[Site "Moquegua Ilo"]
[Date "2017.11.05"]
[Round "8"]
[White "Luna Choquecota, Daniel"]
[Black "Chicalla Zega, Francisco"]
[Result "1/2-1/2"]
[WhiteElo "1983"]
[BlackElo "1890"]
[PlyCount "70"]
[EventDate "2017.11.01"]
[EventType "swiss"]
[EventRounds "8"]
[EventCountry "PER"]
[SourceTitle "CBM 181 Extra"]
[Source "ChessBase"]
[SourceDate "2017.12.12"]
[SourceVersion "1"]
[SourceVersionDate "2017.12.12"]
[SourceQuality "1"]

1. e4 c6 2. d4 d5 3. Nc3 dxe4 4. Nxe4 Nf6 5. Ng3 Qc7 6. Nf3 h5 7. Bc4 h4 8. Ne2 h3 9. Ng5 e6 10. Nxh3 Nbd7 11. Bf4 Bd6 12. 0-0 b6 13. Qd2 Bb7 14. Bxd6 Qxd6 15. Qf4 Qe7 16. Ng3 0-0-0 17. Rfe1 Nh5 18. Qg5 Nhf6 19. a4 Qb4 20. b3 Rh7 21. Qf4 Rdh8 22. Qe3 Rh4 23. Rad1 Qd6 24. Bf1 Ng4 25. Qg5 g6 26. f3 Ngf6 27. c3 R4h6 28. a5 Nd5 29. Ne4 Qc7 30. axb6 axb6 31. Qg3 N7f6 32. c4 Qxg3 33. hxg3 Nxe4 34. cxd5 Nxg3 35. dxe6 fxe6 1/2-1/2

[Event "Ilo Regional Sur op"]
[Site "Ilo Moquegua"]
[Date "2012.04.06"]
[Round "4"]
[White "Tito, Eduardo"]
[Black "Luna Choquecota, Daniel"]
[Result "1-0"]
[WhiteElo "1726"]
[BlackElo "1828"]
[PlyCount "85"]
[EventDate "2012.04.05"]
[EventType "swiss"]
[EventRounds "7"]
[EventCountry "PER"]
[SourceTitle "EXT 2013"]
[Source "ChessBase"]
[SourceDate "2012.11.22"]
[SourceVersion "1"]
[SourceVersionDate "2012.11.22"]
[SourceQuality "1"]

1. e4 c5 2. Nf3 d6 3. d4 cxd4 4. Nxd4 Nf6 5. Nc3 a6 6. Be3 e5 7. Nb3 Be6 8. f3 Nbd7 9. g4 b5 10. Nd5 Bxd5 11. exd5 Nb6 12. Bxb6 Qxb6 13. Qd2 Be7 14. Be2 a5 15. a4 b4 16. Bb5+ Kf8 17. h4 h6 18. 0-0-0 Rc8 19. Qd3 e4 20. Qe2 exf3 21. Qxf3 h5 22. Qf5 Qe3+ 23. Kb1 Rc7 24. g5 Qe4 25. Qxe4 Nxe4 26. Rde1 Ng3 27. Rh2 g6 28. Nxa5 f6 29. Re6 fxg5 30. hxg5 Rg8 31. Bd3 Bxg5 32. Rf2+ Kg7 33. Rxg6+ Kh8 34. Rxd6 Rc5 35. Nc6 b3 36. Ne5 bxc2+ 37. Bxc2 Be3 38. Rf7 Rb8 39. Rh7+ Kg8 40. Rdd7 Nf5 41. Bxf5 Rc1+ 42. Ka2 Rg1 43. Be6+ 1-0